বাংলার ইতিহাস ও ঐতিহ্য : (Record no. 77513)
[ view plain ]
| 000 -LEADER | |
|---|---|
| fixed length control field | 01093nam a2200229 a 4500 |
| 001 - CONTROL NUMBER | |
| control field | 77513 |
| 003 - CONTROL NUMBER IDENTIFIER | |
| rucl marc code | BD-RjUL |
| 005 - DATE AND TIME OF LATEST TRANSACTION | |
| control field | 20211209082959.0 |
| 008 - FIXED-LENGTH DATA ELEMENTS--GENERAL INFORMATION | |
| fixed length control field | 201013b2019 a|||| |||| 00| 0 ben d |
| 020 ## - INTERNATIONAL STANDARD BOOK NUMBER | |
| International Standard Book Number | 9789848035351 |
| Terms of availability | : Tk. 800.00 |
| 035 ## - SYSTEM CONTROL NUMBER | |
| System control number | (BD-RjUL)77738 |
| 040 ## - CATALOGING SOURCE | |
| Original cataloging agency | BD-RjUL |
| Language of cataloging | ben/eng |
| Transcribing agency | BD-RjUL |
| 041 ## - LANGUAGE CODE | |
| Language code of text/sound track or separate title | ben/eng |
| 082 ## - DEWEY DECIMAL CLASSIFICATION NUMBER | |
| Edition number | 23 |
| Classification number | 954.92 |
| Author mark and year | BAN 2019 |
| 245 00 - TITLE STATEMENT | |
| Title | বাংলার ইতিহাস ও ঐতিহ্য : |
| Remainder of title | (সেমিনার ভলিউম) / |
| Statement of responsibility, etc. | সম্পাদক: মো. আনোয়ারুল ইসলাম |
| 260 ## - PUBLICATION, DISTRIBUTION, ETC. (IMPRINT) | |
| Place of publication, distribution, etc. | পাবনা: |
| Name of publisher, distributor, etc. | আধুনিক ভাষা ইনস্টিটিউট, পাবনা বিজ্ঞান ও প্রযুক্তি বিশ্ববিদ্যালয়, |
| Date of publication, distribution, etc. | ২০১৯ |
| 300 ## - PHYSICAL DESCRIPTION | |
| Pagination | ৫১২ পৃ. : |
| Illustrations | চিত্র ; |
| Size | ২১ সেমি. |
| 650 ## - SUBJECT ADDED ENTRY--TOPICAL TERM | |
| Topical term or geographic name as entry element | বাংলাদেশ |
| General subdivision | ইতিহাস |
| 9 (RLIN) | 241821 |
| Topical term or geographic name as entry element | Bangladesh |
| General subdivision | History |
| 9 (RLIN) | 241822 |
| 700 ## - ADDED ENTRY--PERSONAL NAME | |
| Personal name | ইসলাম, মো. আনোয়ারুল, সম্পাদক |
| 942 ## - ADDED ENTRY ELEMENTS (KOHA) | |
| Source of classification or shelving scheme | Dewey Decimal Classification |
| Koha item type | Rare Books |
| Lost status | Source of classification or shelving scheme | Damaged status | Not for loan | Collection code | Permanent Location | Current Location | Shelving location | Date acquired | Source of acquisition | Cost, normal purchase price | Total Checkouts | Full call number | Date last seen | Copy number | Koha item type |
|---|---|---|---|---|---|---|---|---|---|---|---|---|---|---|---|
| Dewey Decimal Classification | Not For Loan | Rare Books | Central Library, University of Rajshahi | Central Library, University of Rajshahi | Rare Book Section | 02/09/2020 | The Author | 80.00 | BRA 954.92 BAN 2019 | 13/10/2020 | C-1 | Rare Books |